000 00213nam a2200097Ia 4500
005 20251222114413.0
008 251222s1900||||xx |||||||||||||| ||spa||
082 _aDVD0070/G12/2005
245 0 _aSyriana:
942 _cDVD
999 _c2098
_d2098